00540nam a2200181 a 4500008004100000020001500041020001000056050001600066100002200082245007000104250001200174260004200186300004100228350000900269500002000278650003900298700002100337071204s2007 ||||||||||||||||| || u a1397806187 a38793 aQD 31.2 Ebb aEbbing, Darrell D10aGeneral chemistry. (8th ed.)cDarrell D. Ebbing; Steven D. Gammon a8th ed. aNew York :bHoughton Mifflin Coc2007 axli, 1062 [various pagings] p.: ill. a0.00 aIncludes index. 0aCHEMISTRY--HANDBOOKS, MANUALS, ETC aGammon, Steven D